01015 a2200253 450000500170000001000150001702000260003203500140005803700090007208200080008124501410008925000060023026000290023627000880026530000230035365000420037665000380041870000350045670000370049170000350052894200270056399900190059095201520060920250306141058.0 aENG-143969 a9789390514434c895.00 aEN-127501 bDBAD a323 aGender in South Asia and Beyond:bEssays in Honour of Patricia Jeffrery/cEdited By Shruti Chaudhry; Hugo Gorringe [and] Radhika Govinda a1 aNew DelhibZubaan,c2024 aK-92, Ist Floor, Hauz Khas EnclavebNew DelhicDelhie110016mzubaanwbooks@vsnl.net a311p. :c21cm.(Hb) aPoor womenzIndiazMaharashtra979325 aDalitszIndiazMaharashtra979326 aGorringe, Hugo eEditor979327 aChaudhry, Shruti eEditor979328 aRadhika GovindaeEditor979329 adplcEN2ddch323mGEN c210126d210126 001040708NFICaBNbBNd2025-03-06eDelivery of Books Act Divisiong895.00l0o323 GENpEN-127501r2025-03-06 00:00:00t1v895.00w2025-03-06yEN